<?xml version="1.0" encoding="UTF-8"?>
<record
    xmlns:xsi="http://www.w3.org/2001/XMLSchema-instance"
    xsi:schemaLocation="http://www.loc.gov/MARC21/slim http://www.loc.gov/standards/marcxml/schema/MARC21slim.xsd"
    xmlns="http://www.loc.gov/MARC21/slim">

  <leader>01535nam a2200337 a 4500</leader>
  <controlfield tag="001">00000217</controlfield>
  <controlfield tag="003">DO-SdBNP</controlfield>
  <controlfield tag="005">20160411131646.0</controlfield>
  <controlfield tag="007">00000217</controlfield>
  <controlfield tag="008">150130s2012    dr ac         000 0 spa d</controlfield>
  <datafield tag="020" ind1=" " ind2=" ">
    <subfield code="a">9789945174120 </subfield>
  </datafield>
  <datafield tag="040" ind1=" " ind2=" ">
    <subfield code="a">BPMSU</subfield>
    <subfield code="b">spa</subfield>
    <subfield code="c">BPMSU</subfield>
  </datafield>
  <datafield tag="092" ind1=" " ind2=" ">
    <subfield code="a">372.7</subfield>
    <subfield code="b">M425e, 6to. 2012</subfield>
  </datafield>
  <datafield tag="245" ind1="0" ind2="0">
    <subfield code="a">Matem&#xE1;tica  6 :</subfield>
    <subfield code="b">educaci&#xF3;n b&#xE1;sica /</subfield>
    <subfield code="c">colaboraci&#xF3;n Pablo C&#xE9;sar Smester B&#xE1;ez; direcci&#xF3;n editorial Doris Arroba J&#xE1;come</subfield>
  </datafield>
  <datafield tag="260" ind1=" " ind2=" ">
    <subfield code="a">Santo Domingo :</subfield>
    <subfield code="b">SM,</subfield>
    <subfield code="c">2012.</subfield>
  </datafield>
  <datafield tag="300" ind1=" " ind2=" ">
    <subfield code="a">223 p. :</subfield>
    <subfield code="b">il., retrs. ;</subfield>
    <subfield code="c">29 cm.</subfield>
  </datafield>
  <datafield tag="490" ind1="1" ind2=" ">
    <subfield code="a">Proyecto S&#xE9;</subfield>
  </datafield>
  <datafield tag="505" ind1="1" ind2=" ">
    <subfield code="a">v. 6 :</subfield>
    <subfield code="g">unidad 1 --</subfield>
    <subfield code="t">N&#xFA;meros naturales --</subfield>
    <subfield code="g">unidad 2 --</subfield>
    <subfield code="t">M&#xFA;ltiplos y divisores, potencias y ra&#xED;ces --</subfield>
    <subfield code="g">unidad 3 --</subfield>
    <subfield code="t">Fracciones --</subfield>
    <subfield code="g">unidad 4 --</subfield>
    <subfield code="t">N&#xFA;meros decimales --</subfield>
    <subfield code="g">unidad 5 --</subfield>
    <subfield code="t">Razones, proporciones y porcentajes --</subfield>
    <subfield code="g">unidad 6 --</subfield>
    <subfield code="t">Mediciones --</subfield>
    <subfield code="g">unidad 7 --</subfield>
    <subfield code="t">Formas geom&#xE9;tricas --</subfield>
    <subfield code="g">unidad 8 --</subfield>
    <subfield code="t">Per&#xED;metro y &#xE1;rea de figuras planas --</subfield>
    <subfield code="g">unidad 9 --</subfield>
    <subfield code="t">Cuerpos geom&#xE9;tricos, &#xE1;reas y volumen --</subfield>
    <subfield code="g">unidad 10 --</subfield>
    <subfield code="t">Tratamiento de la informaci&#xF3;n --</subfield>
  </datafield>
  <datafield tag="650" ind1=" " ind2=" ">
    <subfield code="a">MATEM&#xC1;TICAS</subfield>
    <subfield code="x">ENSE&#xD1;ANZA B&#xC1;SICA</subfield>
  </datafield>
  <datafield tag="650" ind1=" " ind2=" ">
    <subfield code="a">MATEM&#xC1;TICAS</subfield>
    <subfield code="x">ENSE&#xD1;ANZA ELEMENTAL</subfield>
  </datafield>
  <datafield tag="650" ind1=" " ind2=" ">
    <subfield code="a">EDUCACI&#xD3;N PRIMARIA</subfield>
    <subfield code="z">REP&#xDA;BLICA DOMINICANA</subfield>
  </datafield>
  <datafield tag="650" ind1=" " ind2=" ">
    <subfield code="a">MATEM&#xC1;TICAS</subfield>
    <subfield code="x">ESTUDIOS Y EJERCICIOS</subfield>
  </datafield>
  <datafield tag="650" ind1=" " ind2=" ">
    <subfield code="a">MATEM&#xC1;TICAS</subfield>
    <subfield code="x">LIBROS DE TEXTOS</subfield>
  </datafield>
  <datafield tag="700" ind1="1" ind2="2">
    <subfield code="a">Smester, Pablo C&#xE9;sar</subfield>
  </datafield>
  <datafield tag="700" ind1="1" ind2="2">
    <subfield code="a">Arroba J&#xE1;come, Doris</subfield>
    <subfield code="e">ed.</subfield>
  </datafield>
  <datafield tag="700" ind1="1" ind2=" ">
    <subfield code="a">Chaves, Ver&#xF3;nica</subfield>
    <subfield code="e">il.</subfield>
  </datafield>
  <datafield tag="830" ind1=" " ind2="0">
    <subfield code="a">Proyecto S&#xE9;</subfield>
  </datafield>
  <datafield tag="910" ind1=" " ind2=" ">
    <subfield code="a">Validado. Control de calidad MFF</subfield>
  </datafield>
  <datafield tag="942" ind1=" " ind2=" ">
    <subfield code="2">ddc</subfield>
    <subfield code="c">BK</subfield>
  </datafield>
  <datafield tag="952" ind1=" " ind2=" ">
    <subfield code="0">0</subfield>
    <subfield code="1">0</subfield>
    <subfield code="2">ddc</subfield>
    <subfield code="4">0</subfield>
    <subfield code="7">0</subfield>
    <subfield code="8">ESC</subfield>
    <subfield code="a">BPMET</subfield>
    <subfield code="b">BPMET</subfield>
    <subfield code="d">2016-03-31</subfield>
    <subfield code="e">Donaci&#xF3;n</subfield>
    <subfield code="l">0</subfield>
    <subfield code="o">372.7 M425e,  6to  2012</subfield>
    <subfield code="p">BPMSU16030407</subfield>
    <subfield code="r">2016-03-31</subfield>
    <subfield code="w">2016-03-31</subfield>
    <subfield code="y">BK</subfield>
  </datafield>
  <datafield tag="952" ind1=" " ind2=" ">
    <subfield code="0">0</subfield>
    <subfield code="1">0</subfield>
    <subfield code="2">ddc</subfield>
    <subfield code="4">0</subfield>
    <subfield code="7">0</subfield>
    <subfield code="8">ESC</subfield>
    <subfield code="a">BPMET</subfield>
    <subfield code="b">BPMET</subfield>
    <subfield code="d">2016-03-31</subfield>
    <subfield code="e">Donaci&#xF3;n</subfield>
    <subfield code="l">0</subfield>
    <subfield code="o">372.7 M425e 6to.    2012</subfield>
    <subfield code="p">BPMSU16030409</subfield>
    <subfield code="r">2016-03-31</subfield>
    <subfield code="t">ej. 2</subfield>
    <subfield code="w">2016-03-31</subfield>
    <subfield code="y">BK</subfield>
  </datafield>
  <datafield tag="956" ind1=" " ind2=" ">
    <subfield code="a">YLOCKWARD</subfield>
    <subfield code="b">10</subfield>
  </datafield>
  <datafield tag="999" ind1=" " ind2=" ">
    <subfield code="c">9482</subfield>
    <subfield code="d">9482</subfield>
  </datafield>
</record>
